[Event "DVM U16 2015"]
[Site "Lingen (Ems) GER"]
[Date "2015.12.27"]
[Round "2"]
[White "Kagan, Dennis"]
[Black "Behringer, Tom"]
[Result "1-0"]
[Termination "normal"]
[Board "1.3"]
[WhiteElo "2009"]
[BlackElo "1788"]
[WhiteClock "00:10:55"]
[BlackClock "00:28:11"]
[WhiteTeam "SG Porz"]
[BlackTeam "SK Doppelbauer Kiel"]
[PlyCount "89"]
[WhiteFideId "12983578"]
[BlackFideId "16203496"]
[EventCountry "GER"]
[EventRounds "7"]
[EventType "team-swiss"]
[EventDate "2015.12.26"]

1. Nf3 {[%clk 1:30:56]} Nf6 {[%clk 1:30:16]} 2. c4 {[%clk 1:31:18]} e6 {[%clk
1:30:10]} 3. g3 {[%clk 1:31:37]} d5 {[%clk 1:29:49]} 4. b3 {[%clk 1:31:06]} Be7
{[%clk 1:28:45]} 5. Bb2 {[%clk 1:31:05]} O-O {[%clk 1:28:39]} 6. Bg2 {[%clk
1:31:28]} c5 {[%clk 1:27:26]} 7. O-O {[%clk 1:31:33]} Nc6 {[%clk 1:27:39]} 8.
e3 {[%clk 1:31:29]} b6 {[%clk 1:26:32]} 9. Qe2 {[%clk 1:31:38]} Bb7 {[%clk
1:26:05]} 10. Rd1 {[%clk 1:30:36]} Qc7 {[%clk 1:25:24]} 11. Nc3 {[%clk
1:29:44]} a6 {[%clk 1:24:25]} 12. Rac1 {[%clk 1:27:36]} Rfd8 {[%clk 1:23:31]}
13. cxd5 {[%clk 1:21:45]} exd5 {[%clk 1:21:27]} 14. d4 {[%clk 1:21:09]} Rac8
{[%clk 1:19:27]} 15. dxc5 {[%clk 1:17:16]} bxc5 {[%clk 1:19:35]} 16. Ne1 {[%clk
1:11:49]} Ne5 {[%clk 1:15:17]} 17. f4 {[%clk 1:10:36]} Ng6 {[%clk 1:13:55]} 18.
Na4 {[%clk 1:07:35]} Qc6 {[%clk 1:07:11]} 19. Nf3 {[%clk 0:58:52]} Nd7 {[%clk
1:00:01]} 20. Nd4 {[%clk 0:51:53]} Qc7 {[%clk 0:55:24]} 21. Nf5 {[%clk
0:49:48]} Nf6 {[%clk 0:48:25]} 22. Nxe7+ {[%clk 0:46:56]} Qxe7 {[%clk 0:48:42]}
23. Nb6 {[%clk 0:47:04]} Rc7 {[%clk 0:44:25]} 24. Bxf6 {[%clk 0:46:28]} Qxf6
{[%clk 0:43:15]} 25. Nxd5 {[%clk 0:46:22]} Bxd5 {[%clk 0:43:30]} 26. Rxd5
{[%clk 0:45:27]} Rxd5 {[%clk 0:43:01]} 27. Bxd5 {[%clk 0:45:55]} Ne7 {[%clk
0:42:09]} 28. Be4 {[%clk 0:43:27]} Qe6 {[%clk 0:41:25]} 29. Rd1 {[%clk
0:39:23]} g6 {[%clk 0:41:12]} 30. Qd3 {[%clk 0:38:07]} Qc8 {[%clk 0:37:31]} 31.
Qc4 {[%clk 0:34:07]} h5 {[%clk 0:34:08]} 32. Rd6 {[%clk 0:33:39]} Qg4 {[%clk
0:33:31]} 33. Rd8+ {[%clk 0:31:25]} Kg7 {[%clk 0:33:37]} 34. Qc3+ {[%clk
0:29:23]} f6 {[%clk 0:33:46]} 35. Rd6 {[%clk 0:27:45]} Ng8 {[%clk 0:33:39]} 36.
Qd3 {[%clk 0:23:57]} h4 {[%clk 0:33:13]} 37. Kg2 {[%clk 0:22:28]} Re7 {[%clk
0:30:27]} 38. Bf3 {[%clk 0:21:04]} h3+ {[%clk 0:29:49]} 39. Kf2 {[%clk
0:21:25]} Qc8 {[%clk 0:30:13]} 40. Qxa6 {[%clk 0:18:02]} Qe8 {[%clk 0:28:52]}
41. Qd3 {[%clk 0:17:13]} Nh6 {[%clk 0:28:18]} 42. Rd8 {[%clk 0:15:04]} Qf7
{[%clk 0:28:04]} 43. Bd5 {[%clk 0:11:07]} Ng4+ {[%clk 0:28:27]} 44. Kg1 {[%clk
0:11:25]} Rxe3 {[%clk 0:28:11]} 45. Qxe3 {[%clk 0:10:55]} 1-0

[Event "DVM U16 2015"]
[Site "Lingen (Ems) GER"]
[Date "2015.12.27"]
[Round "2"]
[White "Arndt, Magnus"]
[Black "Niesel, Tobias"]
[Result "0-1"]
[Termination "normal"]
[Board "1.4"]
[WhiteElo "1732"]
[BlackElo "1941"]
[WhiteClock "00:10:43"]
[BlackClock "00:27:27"]
[WhiteTeam "SK Doppelbauer Kiel"]
[BlackTeam "SG Porz"]
[PlyCount "120"]
[WhiteFideId "12998656"]
[BlackFideId "12962155"]
[EventCountry "GER"]
[EventRounds "7"]
[EventType "team-swiss"]
[EventDate "2015.12.26"]

1. e4 {[%clk 1:30:58]} c6 {[%clk 1:30:54]} 2. Nc3 {[%clk 1:31:25]} d5 {[%clk
1:31:08]} 3. Nf3 {[%clk 1:31:49]} g6 {[%clk 1:31:30]} 4. d3 {[%clk 1:19:13]}
Bg4 {[%clk 1:30:03]} 5. h3 {[%clk 1:19:06]} Bxf3 {[%clk 1:30:26]} 6. Qxf3
{[%clk 1:19:35]} e6 {[%clk 1:30:42]} 7. Bd2 {[%clk 1:19:41]} Bg7 {[%clk
1:29:31]} 8. g3 {[%clk 1:18:45]} Ne7 {[%clk 1:28:36]} 9. Bg2 {[%clk 1:18:04]}
Nd7 {[%clk 1:27:32]} 10. O-O {[%clk 1:16:50]} O-O {[%clk 1:27:22]} 11. Rfe1
{[%clk 1:14:45]} Qb6 {[%clk 1:18:39]} 12. Rab1 {[%clk 1:05:07]} Rae8 {[%clk
1:15:47]} 13. Qe2 {[%clk 0:39:27]} Nf6 {[%clk 0:48:46]} 14. Kh2 {[%clk
0:30:50]} d4 {[%clk 0:42:10]} 15. Na4 {[%clk 0:29:22]} Qc7 {[%clk 0:42:05]} 16.
b3 {[%clk 0:24:17]} c5 {[%clk 0:40:26]} 17. Nb2 {[%clk 0:24:13]} b5 {[%clk
0:40:39]} 18. a4 {[%clk 0:24:21]} a6 {[%clk 0:39:51]} 19. Ra1 {[%clk 0:24:02]}
Ra8 20. Ra2 {[%clk 0:23:31]} Nd7 {[%clk 0:35:34]} 21. Rea1 {[%clk 0:23:16]} b4
{[%clk 0:35:51]} 22. e5 {[%clk 0:22:19]} Ra7 {[%clk 0:34:34]} 23. f4 {[%clk
0:22:27]} a5 {[%clk 0:34:00]} 24. Nc4 {[%clk 0:21:51]} Nc8 {[%clk 0:32:37]} 25.
Rf1 {[%clk 0:20:43]} Ndb6 {[%clk 0:32:30]} 26. Nb2 {[%clk 0:20:20]} Ne7 {[%clk
0:31:01]} 27. Nd1 {[%clk 0:20:11]} Nf5 {[%clk 0:26:21]} 28. Ra1 {[%clk
0:19:32]} Qe7 {[%clk 0:23:10]} 29. g4 {[%clk 0:17:59]} Nh4 {[%clk 0:23:11]} 30.
Nf2 {[%clk 0:18:00]} Nxg2 {[%clk 0:18:00]} 31. Kxg2 {[%clk 0:18:22]} Nd5 {[%clk
0:14:36]} 32. Ne4 {[%clk 0:16:08]} h6 {[%clk 0:12:17]} 33. Qf2 {[%clk 0:15:45]}
f5 {[%clk 0:10:24]} 34. exf6 {[%clk 0:12:29]} Nxf6 {[%clk 0:10:00]} 35. Nxf6+
{[%clk 0:12:10]} Qxf6 {[%clk 0:09:47]} 36. Rae1 {[%clk 0:11:50]} Re7 {[%clk
0:09:47]} 37. Qg3 {[%clk 0:11:25]} Ref7 {[%clk 0:07:29]} 38. Rf2 {[%clk
0:10:14]} g5 {[%clk 0:06:15]} 39. Ref1 {[%clk 0:10:22]} Qd8 {[%clk 0:05:16]}
40. fxg5 {[%clk 0:10:14]} Qd5+ {[%clk 0:04:43]} 41. Kg1 {[%clk 0:10:06]} Rxf2
{[%clk 0:03:03]} 42. Rxf2 {[%clk 0:10:24]} Rxf2 {[%clk 0:03:29]} 43. Kxf2
{[%clk 0:08:20]} hxg5 {[%clk 0:03:53]} 44. Qf3 {[%clk 0:08:39]} Qe5 {[%clk
0:03:23]} 45. Qg3 {[%clk 0:04:26]} Qd5 {[%clk 0:00:38]} 46. h4 {[%clk 0:30:27]}
Qh1 {[%clk 0:27:54]} 47. Bxg5 {[%clk 0:19:36]} Qd1 {[%clk 0:28:18]} 48. Qf3
{[%clk 0:18:32]} Qxc2+ {[%clk 0:28:43]} 49. Kg3 {[%clk 0:18:41]} Qxb3 {[%clk
0:27:22]} 50. Qa8+ {[%clk 0:17:18]} Kh7 {[%clk 0:27:33]} 51. Qe4+ {[%clk
0:17:26]} Kg8 {[%clk 0:27:44]} 52. h5 {[%clk 0:15:14]} Qd5 {[%clk 0:27:09]} 53.
Qg6 {[%clk 0:13:31]} Kf8 {[%clk 0:27:03]} 54. h6 {[%clk 0:12:50]} Be5+ {[%clk
0:26:51]} 55. Bf4 {[%clk 0:10:50]} Bxf4+ {[%clk 0:26:46]} 56. Kxf4 {[%clk
0:11:19]} e5+ {[%clk 0:26:32]} 57. Kg3 {[%clk 0:09:47]} Qf7 {[%clk 0:26:35]}
58. Qg5 {[%clk 0:10:00]} Qf4+ {[%clk 0:26:45]} 59. Qxf4+ {[%clk 0:10:18]} exf4+
{[%clk 0:27:10]} 60. Kxf4 {[%clk 0:10:43]} b3 {[%clk 0:27:27]} 0-1

[Event "DVM U16 2015"]
[Site "Lingen (Ems) GER"]
[Date "2015.12.27"]
[Round "2"]
[White "Chittka, Julius"]
[Black "Ehmann, Thilo"]
[Result "1/2-1/2"]
[Termination "normal"]
[Board "2.1"]
[WhiteElo "2021"]
[BlackElo "2211"]
[WhiteClock "00:18:13"]
[BlackClock "01:01:35"]
[WhiteTeam "VfSuF 1975 Düsseldorf-Süd"]
[BlackTeam "SF Sasbach"]
[PlyCount "61"]
[WhiteFideId "12954772"]
[BlackFideId "12940968"]
[EventCountry "GER"]
[EventRounds "7"]
[EventType "team-swiss"]
[EventDate "2015.12.26"]

1. d4 {[%clk 1:30:57]} d5 {[%clk 1:30:53]} 2. c4 {[%clk 1:31:21]} e6 {[%clk
1:31:22]} 3. Nc3 {[%clk 1:31:45]} c5 {[%clk 1:31:45]} 4. cxd5 {[%clk 1:32:08]}
cxd4 {[%clk 1:32:12]} 5. Qxd4 {[%clk 1:32:30]} Nc6 {[%clk 1:32:38]} 6. Qd1
{[%clk 1:32:53]} exd5 {[%clk 1:33:03]} 7. Qxd5 {[%clk 1:33:15]} Be6 {[%clk
1:32:41]} 8. Qxd8+ {[%clk 1:33:22]} Rxd8 {[%clk 1:33:08]} 9. e3 {[%clk
1:32:43]} g5 {[%clk 1:31:24]} 10. Bb5 {[%clk 1:31:55]} Bg7 {[%clk 1:30:38]} 11.
Nge2 {[%clk 1:31:03]} Nge7 {[%clk 1:30:51]} 12. Nd4 {[%clk 1:19:00]} Bd7 {[%clk
1:29:16]} 13. O-O {[%clk 1:13:12]} a6 {[%clk 1:28:46]} 14. Ba4 {[%clk 1:09:40]}
h6 {[%clk 1:27:57]} 15. Ne4 {[%clk 0:57:57]} Nxd4 {[%clk 1:26:38]} 16. Bxd7+
{[%clk 0:58:19]} Rxd7 {[%clk 1:27:03]} 17. exd4 {[%clk 0:58:42]} Bxd4 {[%clk
1:26:51]} 18. Be3 {[%clk 0:56:36]} f5 {[%clk 1:26:55]} 19. Rad1 {[%clk
0:48:47]} Bxb2 {[%clk 1:22:05]} 20. Rxd7 {[%clk 0:38:52]} Kxd7 {[%clk 1:22:31]}
21. Nc5+ {[%clk 0:38:24]} Kc6 {[%clk 1:22:46]} 22. Nd3 {[%clk 0:37:40]} Ba3
{[%clk 1:20:54]} 23. f4 {[%clk 0:35:42]} g4 {[%clk 1:19:30]} 24. Ne5+ {[%clk
0:35:13]} Kc7 {[%clk 1:19:37]} 25. Rd1 {[%clk 0:35:09]} Kc8 {[%clk 1:17:46]}
26. Rd3 {[%clk 0:30:48]} Bb4 {[%clk 1:17:24]} 27. Rd4 {[%clk 0:29:13]} Ba5
{[%clk 1:13:03]} 28. Rc4+ {[%clk 0:20:45]} Bc7 {[%clk 1:07:00]} 29. Nf7 {[%clk
0:18:21]} Rf8 {[%clk 1:06:22]} 30. Nd6+ {[%clk 0:18:01]} Kb8 {[%clk 1:01:35]}
31. Ba7+ {[%clk 0:18:13]} 1/2-1/2

[Event "DVM U16 2015"]
[Site "Lingen (Ems) GER"]
[Date "2015.12.27"]
[Round "2"]
[White "Riehle, Marco"]
[Black "Surguchov, Alexander"]
[Result "1/2-1/2"]
[Termination "normal"]
[Board "2.2"]
[WhiteElo "2171"]
[BlackElo "1798"]
[WhiteClock "00:53:49"]
[BlackClock "00:06:28"]
[WhiteTeam "SF Sasbach"]
[BlackTeam "VfSuF 1975 Düsseldorf-Süd"]
[PlyCount "120"]
[WhiteFideId "12904392"]
[BlackFideId "1272035"]
[EventCountry "GER"]
[EventRounds "7"]
[EventType "team-swiss"]
[EventDate "2015.12.26"]

1. e4 {[%clk 1:30:59]} e6 {[%clk 1:30:56]} 2. d4 {[%clk 1:31:23]} d5 {[%clk
1:31:21]} 3. exd5 {[%clk 1:31:19]} exd5 {[%clk 1:31:44]} 4. Nf3 {[%clk
1:31:43]} Nf6 {[%clk 1:32:05]} 5. c4 {[%clk 1:31:58]} Bb4+ {[%clk 1:32:27]} 6.
Nc3 {[%clk 1:32:13]} O-O {[%clk 1:32:12]} 7. Be2 {[%clk 1:29:50]} dxc4 {[%clk
1:25:14]} 8. O-O {[%clk 1:28:41]} Nc6 {[%clk 1:19:16]} 9. Bg5 {[%clk 1:22:10]}
Bg4 {[%clk 1:06:19]} 10. Ne5 {[%clk 1:00:42]} Nxe5 {[%clk 0:36:41]} 11. dxe5
{[%clk 1:00:06]} Qxd1 {[%clk 0:36:03]} 12. Bxd1 {[%clk 0:59:29]} Bxd1 {[%clk
0:36:08]} 13. exf6 {[%clk 0:58:58]} Bc2 {[%clk 0:29:55]} 14. Nd5 {[%clk
0:48:44]} Bd6 {[%clk 0:27:49]} 15. Rfe1 {[%clk 0:44:40]} Rfe8 {[%clk 0:22:54]}
16. fxg7 {[%clk 0:42:12]} Kxg7 {[%clk 0:21:30]} 17. Bf6+ {[%clk 0:41:58]} Kf8
{[%clk 0:20:37]} 18. Bc3 {[%clk 0:40:52]} Rxe1+ {[%clk 0:19:31]} 19. Rxe1
{[%clk 0:39:33]} Rd8 {[%clk 0:15:49]} 20. Nf6 {[%clk 0:32:57]} Be7 {[%clk
0:13:15]} 21. g4 {[%clk 0:32:30]} Bxf6 {[%clk 0:11:33]} 22. Bxf6 {[%clk
0:22:41]} Rd1 {[%clk 0:11:55]} 23. Rxd1 {[%clk 0:23:06]} Bxd1 {[%clk 0:12:20]}
24. h3 {[%clk 0:23:30]} b5 {[%clk 0:07:57]} 25. f4 {[%clk 0:23:17]} b4 {[%clk
0:06:26]} 26. Kf2 {[%clk 0:22:53]} Ke8 {[%clk 0:04:06]} 27. Ke3 {[%clk
0:23:13]} Kd7 {[%clk 0:04:02]} 28. Kd4 {[%clk 0:21:49]} Be2 {[%clk 0:03:44]}
29. Kc5 {[%clk 0:21:37]} b3 {[%clk 0:02:37]} 30. a4 {[%clk 0:21:52]} Bf1 {[%clk
0:01:51]} 31. h4 {[%clk 0:21:44]} Be2 {[%clk 0:01:58]} 32. g5 {[%clk 0:22:09]}
Bd3 {[%clk 0:02:07]} 33. Bc3 {[%clk 0:22:13]} Be2 {[%clk 0:01:36]} 34. Kd5
{[%clk 0:22:16]} Bd3 {[%clk 0:01:31]} 35. Ke5 {[%clk 0:22:22]} Ke7 {[%clk
0:01:22]} 36. Bb4+ {[%clk 0:22:38]} Ke8 {[%clk 0:01:12]} 37. Kf6 {[%clk
0:22:49]} c5 {[%clk 0:01:03]} 38. Bc3 {[%clk 0:23:15]} Bg6 {[%clk 0:01:01]} 39.
f5 {[%clk 0:23:34]} Bh5 {[%clk 0:01:10]} 40. Kg7 {[%clk 0:23:18]} Bg4 {[%clk
0:00:53]} 41. Kxh7 {[%clk 0:23:42]} Bxf5+ {[%clk 0:27:35]} 42. Kg7 {[%clk
0:55:08]} Bg6 {[%clk 0:25:09]} 43. Kf6 {[%clk 0:55:03]} Bh5 {[%clk 0:17:37]}
44. Ke5 {[%clk 0:55:28]} Kd7 {[%clk 0:16:48]} 45. Kd5 {[%clk 0:55:46]} Be2
{[%clk 0:17:11]} 46. Bf6 {[%clk 0:55:06]} Kc7 {[%clk 0:16:19]} 47. Kxc5 {[%clk
0:55:27]} Kd7 {[%clk 0:15:32]} 48. Kd5 {[%clk 0:55:21]} Kc7 {[%clk 0:15:19]}
49. Bc3 {[%clk 0:55:33]} Kd7 {[%clk 0:15:19]} 50. Ke5 {[%clk 0:56:00]} Bg4
{[%clk 0:14:31]} 51. Kf6 {[%clk 0:56:20]} Bh5 {[%clk 0:11:54]} 52. Bb4 {[%clk
0:56:43]} Ke8 {[%clk 0:08:03]} 53. Kg7 {[%clk 0:56:59]} Bg6 {[%clk 0:08:15]}
54. Kh6 {[%clk 0:57:19]} c3 {[%clk 0:08:32]} 55. Bxc3 {[%clk 0:57:25]} Kf8
{[%clk 0:08:54]} 56. Be5 {[%clk 0:53:15]} Kg8 {[%clk 0:07:27]} 57. Bd6 {[%clk
0:53:35]} Be4 {[%clk 0:07:07]} 58. h5 {[%clk 0:53:53]} Bf5 {[%clk 0:06:09]} 59.
g6 {[%clk 0:53:53]} fxg6 {[%clk 0:06:22]} 60. hxg6 {[%clk 0:53:49]} a5 {[%clk
0:06:28]} 1/2-1/2

[Event "DVM U16 2015"]
[Site "Lingen (Ems) GER"]
[Date "2015.12.27"]
[Round "2"]
[White "Gula, Julian"]
[Black "Zimmer, Raphael"]
[Result "0-1"]
[Termination "normal"]
[Board "2.3"]
[WhiteElo "1776"]
[BlackElo "2049"]
[WhiteClock "00:02:20"]
[BlackClock "01:02:16"]
[WhiteTeam "VfSuF 1975 Düsseldorf-Süd"]
[BlackTeam "SF Sasbach"]
[PlyCount "82"]
[WhiteFideId "12954799"]
[BlackFideId "12978841"]
[EventCountry "GER"]
[EventRounds "7"]
[EventType "team-swiss"]
[EventDate "2015.12.26"]

1. d4 {[%clk 1:30:59]} d5 {[%clk 1:30:54]} 2. c4 {[%clk 1:31:20]} e6 {[%clk
1:31:19]} 3. Nc3 {[%clk 1:31:46]} c5 {[%clk 1:31:45]} 4. cxd5 {[%clk 1:32:11]}
cxd4 {[%clk 1:32:06]} 5. Qxd4 {[%clk 1:32:35]} Nc6 {[%clk 1:32:29]} 6. Qd1
{[%clk 1:32:54]} exd5 {[%clk 1:32:51]} 7. Qxd5 {[%clk 1:33:19]} Be6 {[%clk
1:31:24]} 8. Qxd8+ {[%clk 1:30:56]} Rxd8 {[%clk 1:31:44]} 9. e3 {[%clk
1:31:02]} Nb4 {[%clk 1:31:47]} 10. Bb5+ {[%clk 1:28:54]} Ke7 {[%clk 1:32:02]}
11. Ba4 {[%clk 0:54:30]} g5 {[%clk 1:30:09]} 12. Nge2 {[%clk 0:48:20]} Nd3+
{[%clk 1:29:00]} 13. Kf1 {[%clk 0:47:29]} Bg7 {[%clk 1:28:03]} 14. e4 {[%clk
0:31:21]} h6 {[%clk 1:23:03]} 15. Ng3 {[%clk 0:17:16]} Nf6 {[%clk 1:16:12]} 16.
Be3 {[%clk 0:14:43]} b6 {[%clk 1:14:52]} 17. b3 {[%clk 0:10:21]} Ng4 {[%clk
1:12:58]} 18. Nge2 {[%clk 0:08:48]} Rc8 {[%clk 1:05:37]} 19. Rd1 {[%clk
0:07:13]} Ndxf2 {[%clk 1:03:22]} 20. Bxf2 {[%clk 0:07:22]} Nxf2 {[%clk
1:03:15]} 21. Kxf2 {[%clk 0:07:29]} Bxc3 {[%clk 1:03:34]} 22. Nxc3 {[%clk
0:06:09]} Rxc3 {[%clk 1:03:57]} 23. Rd2 {[%clk 0:05:37]} a6 {[%clk 1:02:32]}
24. b4 {[%clk 0:05:35]} Rc4 {[%clk 1:01:09]} 25. a3 {[%clk 0:02:47]} Rxe4
{[%clk 1:01:08]} 26. Rc1 {[%clk 0:02:36]} a5 {[%clk 1:00:15]} 27. Rc7+ {[%clk
0:01:35]} Kf6 {[%clk 1:00:33]} 28. Rd3 {[%clk 0:01:13]} Rf4+ {[%clk 0:59:18]}
29. Rf3 {[%clk 0:01:33]} Rxf3+ {[%clk 0:59:29]} 30. Kxf3 Rc8 {[%clk 0:59:16]}
31. Rxc8 {[%clk 0:01:13]} Bxc8 {[%clk 0:59:45]} 32. bxa5 bxa5 {[%clk 1:00:03]}
33. Ke4 {[%clk 0:01:23]} Bb7+ {[%clk 1:00:07]} 34. Kd4 {[%clk 0:01:49]} Bxg2
{[%clk 1:00:19]} 35. Kc5 {[%clk 0:02:15]} h5 {[%clk 1:00:17]} 36. Kb5 {[%clk
0:02:15]} g4 {[%clk 1:00:21]} 37. Kxa5 h4 {[%clk 1:00:43]} 38. Bd7 {[%clk
0:01:49]} g3 {[%clk 1:01:04]} 39. hxg3 {[%clk 0:02:16]} hxg3 {[%clk 1:01:28]}
40. Kb6 {[%clk 0:01:54]} Bf3 {[%clk 1:01:51]} 41. Bh3 {[%clk 0:02:20]} g2
{[%clk 1:02:16]} 0-1

[Event "DVM U16 2015"]
[Site "Lingen (Ems) GER"]
[Date "2015.12.27"]
[Round "2"]
[White "Schneider, Edward"]
[Black "Schmitz, Fabian"]
[Result "1-0"]
[Termination "normal"]
[Board "2.4"]
[WhiteElo "1617"]
[BlackElo "1634"]
[WhiteClock "00:08:19"]
[BlackClock "00:13:12"]
[WhiteTeam "SF Sasbach"]
[BlackTeam "VfSuF 1975 Düsseldorf-Süd"]
[PlyCount "75"]
[WhiteFideId "16200870"]
[BlackFideId "12965006"]
[EventCountry "GER"]
[EventRounds "7"]
[EventType "team-swiss"]
[EventDate "2015.12.26"]

1. e4 {[%clk 1:30:57]} e6 {[%clk 1:30:54]} 2. d4 {[%clk 1:31:19]} d5 {[%clk
1:31:20]} 3. exd5 {[%clk 1:31:42]} exd5 {[%clk 1:31:41]} 4. Nf3 {[%clk
1:31:59]} Nf6 {[%clk 1:32:03]} 5. c4 {[%clk 1:32:12]} Bb4+ {[%clk 1:32:27]} 6.
Nc3 {[%clk 1:32:28]} O-O {[%clk 1:20:11]} 7. Be2 {[%clk 1:29:51]} dxc4 {[%clk
1:20:12]} 8. O-O {[%clk 1:29:36]} Nc6 {[%clk 1:14:53]} 9. Bg5 {[%clk 1:24:47]}
Re8 {[%clk 1:05:24]} 10. a3 {[%clk 1:16:41]} Bd6 {[%clk 1:01:42]} 11. Bxc4
{[%clk 1:14:56]} Na5 {[%clk 0:57:16]} 12. Ba2 {[%clk 1:11:01]} Bg4 {[%clk
0:52:58]} 13. Nd5 {[%clk 1:06:07]} Be7 {[%clk 0:45:18]} 14. Nxe7+ {[%clk
1:04:42]} Qxe7 {[%clk 0:45:00]} 15. Re1 {[%clk 1:02:22]} Qd6 {[%clk 0:42:23]}
16. Qd3 {[%clk 0:51:32]} Bxf3 {[%clk 0:36:25]} 17. gxf3 {[%clk 0:49:22]} c5
{[%clk 0:35:10]} 18. Qc3 {[%clk 0:46:00]} b6 {[%clk 0:33:09]} 19. dxc5 {[%clk
0:41:25]} Qc6 {[%clk 0:27:05]} 20. b4 {[%clk 0:35:49]} Nb7 {[%clk 0:26:32]} 21.
Qb3 {[%clk 0:34:18]} Rf8 {[%clk 0:24:23]} 22. Re7 {[%clk 0:31:34]} Nd8 {[%clk
0:23:58]} 23. cxb6 {[%clk 0:24:47]} axb6 {[%clk 0:23:58]} 24. Rd1 {[%clk
0:22:49]} Ne6 {[%clk 0:18:51]} 25. Bxf6 {[%clk 0:19:48]} gxf6 {[%clk 0:19:11]}
26. Qe3 {[%clk 0:19:24]} Ng5 {[%clk 0:18:01]} 27. Bd5 {[%clk 0:18:39]} Qc2
{[%clk 0:16:03]} 28. Rc1 {[%clk 0:17:53]} Qg6 {[%clk 0:16:12]} 29. Bxa8 {[%clk
0:13:22]} Nh3+ {[%clk 0:16:27]} 30. Kh1 {[%clk 0:13:24]} Rxa8 {[%clk 0:16:27]}
31. Re8+ {[%clk 0:13:12]} Rxe8 {[%clk 0:16:47]} 32. Qxe8+ {[%clk 0:13:19]} Kg7
{[%clk 0:17:15]} 33. Qe3 {[%clk 0:12:52]} f5 {[%clk 0:16:42]} 34. Qe5+ {[%clk
0:12:18]} Kh6 {[%clk 0:14:12]} 35. Qg3 {[%clk 0:11:19]} Ng5 {[%clk 0:14:28]}
36. f4 {[%clk 0:10:35]} Ne4 {[%clk 0:12:49]} 37. Qxg6+ {[%clk 0:08:35]} fxg6
{[%clk 0:13:12]} 38. Kg2 {[%clk 0:08:19]} 1-0

[Event "DVM U16 2015"]
[Site "Lingen (Ems) GER"]
[Date "2015.12.27"]
[Round "2"]
[White "Böhning, Kilian"]
[Black "Ovsepyan, Arshak"]
[Result "0-1"]
[Termination "normal"]
[Board "3.1"]
[WhiteElo "2050"]
[BlackElo "2138"]
[WhiteClock "00:38:59"]
[BlackClock "00:05:28"]
[WhiteTeam "Hagener SV"]
[BlackTeam "SK Gräfelfing"]
[PlyCount "62"]
[WhiteFideId "1270499"]
[BlackFideId "24690236"]
[EventCountry "GER"]
[EventRounds "7"]
[EventType "team-swiss"]
[EventDate "2015.12.26"]

1. e4 {[%clk 1:30:15]} Nf6 {[%clk 1:30:54]} 2. e5 {[%clk 1:30:38]} Nd5 {[%clk
1:31:20]} 3. c4 {[%clk 1:31:03]} Nb6 {[%clk 1:31:45]} 4. a4 {[%clk 1:31:27]} a5
{[%clk 1:28:29]} 5. d4 {[%clk 1:30:37]} d6 {[%clk 1:28:50]} 6. exd6 {[%clk
1:30:47]} exd6 {[%clk 1:29:08]} 7. Bd3 {[%clk 1:30:09]} Be7 {[%clk 1:27:45]} 8.
Ne2 {[%clk 1:26:19]} Bf6 {[%clk 1:26:52]} 9. Be3 {[%clk 1:25:10]} O-O {[%clk
1:24:15]} 10. Nbc3 {[%clk 1:24:29]} Nc6 {[%clk 1:23:03]} 11. Ne4 {[%clk
1:22:54]} Nb4 {[%clk 1:15:09]} 12. N2g3 {[%clk 1:20:22]} d5 {[%clk 1:12:05]}
13. Nxf6+ {[%clk 1:20:12]} Qxf6 {[%clk 1:11:30]} 14. b3 {[%clk 1:17:53]} dxc4
{[%clk 0:46:56]} 15. bxc4 {[%clk 1:17:39]} Qc6 {[%clk 0:45:41]} 16. c5 {[%clk
1:13:29]} Nxa4 {[%clk 0:43:13]} 17. Bxh7+ {[%clk 1:00:24]} Kxh7 {[%clk
0:42:57]} 18. Rxa4 {[%clk 1:00:46]} Qxg2 {[%clk 0:39:28]} 19. Ra3 {[%clk
0:58:36]} Kg8 {[%clk 0:36:47]} 20. Kd2 {[%clk 0:58:29]} Nd5 {[%clk 0:28:52]}
21. Kc1 {[%clk 0:54:06]} Be6 {[%clk 0:17:52]} 22. Rg1 {[%clk 0:49:58]} Nxe3
{[%clk 0:16:48]} 23. fxe3 {[%clk 0:47:26]} Qd5 {[%clk 0:16:00]} 24. Nh5 {[%clk
0:46:52]} Qc4+ {[%clk 0:14:35]} 25. Kd2 {[%clk 0:46:35]} Qb4+ {[%clk 0:09:00]}
26. Rc3 {[%clk 0:46:24]} Qb2+ {[%clk 0:09:27]} 27. Rc2 {[%clk 0:46:25]} Qb4+
{[%clk 0:09:51]} 28. Rc3 {[%clk 0:43:03]} Qb2+ {[%clk 0:09:53]} 29. Rc2 {[%clk
0:41:27]} Qb4+ {[%clk 0:10:16]} 30. Ke2 {[%clk 0:40:47]} g6 {[%clk 0:05:38]}
31. d5 {[%clk 0:38:59]} Bg4+ {[%clk 0:05:28]} 0-1

[Event "DVM U16 2015"]
[Site "Lingen (Ems) GER"]
[Date "2015.12.27"]
[Round "2"]
[White "von Schlippe, Nikolai"]
[Black "Balazs, Balint"]
[Result "1-0"]
[Termination "normal"]
[Board "3.2"]
[WhiteElo "1970"]
[BlackElo "1931"]
[WhiteClock "00:18:18"]
[BlackClock "00:11:35"]
[WhiteTeam "SK Gräfelfing"]
[BlackTeam "Hagener SV"]
[PlyCount "71"]
[WhiteFideId "12928135"]
[BlackFideId "12922757"]
[EventCountry "GER"]
[EventRounds "7"]
[EventType "team-swiss"]
[EventDate "2015.12.26"]

1. e4 {[%clk 1:30:56]} d6 {[%clk 1:30:13]} 2. d4 {[%clk 1:30:17]} g6 {[%clk
1:30:35]} 3. Be3 {[%clk 1:26:10]} Bg7 {[%clk 1:30:55]} 4. Be2 {[%clk 1:25:47]}
c5 {[%clk 1:27:40]} 5. c3 {[%clk 1:24:55]} Nf6 {[%clk 1:25:24]} 6. dxc5 {[%clk
1:20:21]} dxc5 {[%clk 1:24:21]} 7. Qxd8+ {[%clk 1:20:42]} Kxd8 {[%clk 1:24:47]}
8. Nd2 {[%clk 1:20:54]} b6 {[%clk 1:24:15]} 9. e5 {[%clk 1:18:34]} Nd5 {[%clk
1:19:20]} 10. Bf3 {[%clk 1:17:55]} Be6 {[%clk 1:17:21]} 11. c4 {[%clk 1:14:46]}
Nb4 {[%clk 1:17:44]} 12. Bxa8 {[%clk 1:14:22]} Nc2+ {[%clk 1:18:06]} 13. Kd1
{[%clk 1:13:57]} Nxa1 {[%clk 1:18:29]} 14. Kc1 {[%clk 1:13:04]} Bf5 {[%clk
1:10:54]} 15. Be4 {[%clk 1:12:58]} Bxe4 {[%clk 1:11:18]} 16. Nxe4 {[%clk
1:13:23]} Nc6 {[%clk 1:11:32]} 17. Kb1 {[%clk 1:12:51]} Nxe5 {[%clk 1:11:54]}
18. Nd2 {[%clk 1:09:59]} Nd3 {[%clk 1:11:20]} 19. Kxa1 {[%clk 1:10:18]} f5
{[%clk 1:06:18]} 20. Nh3 {[%clk 1:07:20]} e5 {[%clk 1:02:59]} 21. f3 {[%clk
1:06:38]} Ke7 {[%clk 1:00:39]} 22. Kb1 {[%clk 1:01:01]} h6 {[%clk 0:58:11]} 23.
Nf2 {[%clk 0:52:01]} Nb4 {[%clk 0:50:09]} 24. Nb3 {[%clk 0:47:59]} Nc6 {[%clk
0:46:39]} 25. Nd3 {[%clk 0:42:05]} Rd8 {[%clk 0:45:29]} 26. Kc2 {[%clk
0:41:40]} Nd4+ {[%clk 0:44:38]} 27. Nxd4 {[%clk 0:40:16]} cxd4 {[%clk 0:44:55]}
28. Bd2 {[%clk 0:40:15]} Kf7 {[%clk 0:40:02]} 29. Re1 {[%clk 0:33:41]} Re8
{[%clk 0:40:10]} 30. Nf2 {[%clk 0:25:42]} Ke6 {[%clk 0:33:09]} 31. f4 {[%clk
0:24:33]} d3+ {[%clk 0:24:21]} 32. Kb3 {[%clk 0:20:27]} Rd8 {[%clk 0:17:32]}
33. fxe5 {[%clk 0:20:38]} Rd4 {[%clk 0:13:40]} 34. Kc3 {[%clk 0:19:30]} Rd8
{[%clk 0:11:14]} 35. Nxd3 {[%clk 0:19:11]} g5 {[%clk 0:11:35]} 36. Kc2 {[%clk
0:18:18]} 1-0